000
00335nam a2200133Ia 4500
008
240624s9999 xx 000 0 und d
041
_a
eng
082
_a
658.4 GAR
100
_a
GARRATT BOB
245
_a
FISH ROTS FROM THE HEAD
260
_c
1996
_a
New Delhi
_b
Profile Books
300
_a
xiv, : 225 : p. : cm. ; 20
365
_c
RS
_b
33
999
_c
11626
_d
11626